Langues d'oïl - Statistiques

Statistiques générales
  • Ce quiz a été pris 33 fois
    31 depuis la dernière actualisation
  • Le résultat moyen est 7 sur 19
Statistiques - réponses
Langue d'oïl % Correct
Picard
96%
Normand
86%
Bourguignon
57%
Lorrain
57%
Gallo
54%
Poitevin
54%
Champenois
50%
Angevin
46%
Franc-comtois
46%
Wallon
39%
Berrichon
36%
Tourangeau
32%
Manceau
25%
Saintongeais
18%
Bourbonnais
14%
Francien
14%
Mayennais
14%
Percheron
7%
Morvandiau
0%
Aucun quiz correspondant
Distribution des résultats
% des personnes avec chaque résultat
Percentile par nombre de réponses
Votre historique - résultats
Vous n’avez pas pris ce quiz depuis la dernière actualisation